[Event "POL-chT3 Kujawsko Pomorskie 0809"]
[Site "Poland"]
[Date "2008.11.09"]
[Round "1.9"]
[White "Rynarzewski, Piotr"]
[Black "Kirsz, Krzysztof"]
[Result "1/2-1/2"]
[WhiteElo "1645"]
[BlackElo "1739"]
[PlyCount "49"]
[EventDate "2008.11.09"]
[EventType "team-tourn"]
[EventRounds "11"]
[EventCountry "POL"]
[SourceTitle "EXT 2019"]
[Source "ChessBase"]
[SourceDate "2018.10.10"]
[SourceVersion "1"]
[SourceVersionDate "2018.10.10"]
[SourceQuality "1"]

1. d4 Nf6 2. Nf3 g6 3. Bg5 Bg7 4. e3 d6 5. Bd3 0-0 6. 0-0 c6 7. c3 Nbd7 8. Nbd2 Qc7 9. Qe2 e5 10. Ne4 Nxe4 11. Bxe4 d5 12. Bc2 e4 13. Nd2 f5 14. c4 Nf6 15. Bxf6 Bxf6 16. cxd5 cxd5 17. Bb3 Be6 18. Rac1 Qd7 19. Rc2 Rac8 20. Rfc1 a6 21. Nb1 Be7 22. Rxc8 Rxc8 23. Rxc8+ Qxc8 24. Qc2 Qd7 25. Nc3 1/2-1/2

[Event "POL-chT3 Kujawsko Pomorskie 0708"]
[Site "Poland"]
[Date "2008.03.09"]
[Round "9.17"]
[White "Letocha, Adam"]
[Black "Rynarzewski, Piotr"]
[Result "0-1"]
[WhiteElo "2052"]
[BlackElo "1616"]
[PlyCount "120"]
[EventDate "2007.11.04"]
[EventType "team-tourn"]
[EventRounds "11"]
[EventCountry "POL"]
[SourceTitle "EXT 2019"]
[Source "ChessBase"]
[SourceDate "2018.10.10"]
[SourceVersion "1"]
[SourceVersionDate "2018.10.10"]
[SourceQuality "1"]

1. e4 e5 2. Nf3 Nc6 3. d4 exd4 4. Bc4 d6 5. Nxd4 Nxd4 6. Qxd4 Nf6 7. Nc3 Be7 8. Bf4 0-0 9. 0-0-0 Nh5 10. Bg3 Nxg3 11. hxg3 Bf6 12. Qd3 Bxc3 13. bxc3 Qg5+ 14. f4 Qg6 15. Rh4 Be6 16. Rdh1 h6 17. Bb5 f5 18. exf5 Qxf5 19. Bc4 d5 20. Bb3 Qxd3 21. cxd3 c6 22. Rh5 Rf5 23. R5h4 Re8 24. Re1 Kf7 25. d4 Bd7 26. Rhh1 Rf6 27. Re5 Rxe5 28. dxe5 Rg6 29. c4 dxc4 30. Bxc4+ Ke7 31. Be2 Rxg3 32. Bf3 Bg4 33. Be4 Re3 34. Bc2 Re2 35. Rg1 Rf2 36. g3 Bf3 37. g4 Rg2 38. Rxg2 Bxg2 39. Kd2 Bf3 40. Bf5 Bd5 41. Bb1 Bf3 42. Bf5 g5 43. Ke3 Bd5 44. Bc8 gxf4+ 45. Kxf4 c5 46. a4 a6 47. a5 Kd8 48. Bf5 Kc7 49. Bc2 Be6 50. Bf5 Bxf5 51. gxf5 c4 52. f6 Kd7 53. Kf5 c3 54. e6+ Ke8 55. Kg6 c2 56. f7+ Ke7 57. Kg7 c1Q 58. f8Q+ Kxe6 59. Qf7+ Kd6 60. Qf8+ Kc7 0-1

[Event "POL-chT Region 0607"]
[Site "Poland"]
[Date "2006.11.19"]
[Round "2"]
[White "Pawlowski, Pawel"]
[Black "Rynarzewski, Piotr"]
[Result "0-1"]
[WhiteElo "1950"]
[BlackElo "1578"]
[PlyCount "92"]
[EventDate "2006.11.12"]
[EventType "team-tourn"]
[EventRounds "11"]
[EventCountry "POL"]
[SourceTitle "EXT 2008"]
[Source "ChessBase"]
[SourceDate "2007.11.25"]
[SourceVersion "1"]
[SourceVersionDate "2007.11.25"]
[SourceQuality "1"]

1. d4 d5 2. Nf3 Bf5 3. g3 e6 4. Bg2 Nf6 5. 0-0 Be7 6. c4 c6 7. b3 0-0 8. Nc3 Nbd7 9. Nh4 Bg6 10. Nxg6 hxg6 11. Re1 Bb4 12. Bb2 Rc8 13. a3 Bxc3 14. Bxc3 Nb6 15. Bb4 Re8 16. Ba5 Qd7 17. c5 Na8 18. Bc3 Nc7 19. a4 a6 20. Ba5 e5 21. dxe5 Rxe5 22. Bc3 Ree8 23. e3 Ne4 24. Bb4 Qf5 25. Ra2 Ne6 26. g4 Qf6 27. Rc2 Nc7 28. f3 Ng5 29. Bc3 Qe7 30. b4 Rcd8 31. h4 Nge6 32. g5 Nf8 33. f4 Qd7 34. Rd2 Qf5 35. Kh2 Nce6 36. Qf3 Nxf4 37. Bf1 Qe4 38. Qf2 Nh5 39. Bg2 Qe6 40. Rde2 Nd7 41. Rf1 Ne5 42. Bh3 Ng4+ 43. Bxg4 Qxg4 44. Rg1 Qe4 45. Ree1 Qd3 46. Bd4 Qe4 0-1